Kapzsi közigazgatás

Elmentve itt :
Bibliográfiai részletek
Dokumentumtípus: Cikk
Megjelent: 1913-09-10
Sorozat:Délmagyarország 4 No. 210
Kulcsszavak:Közigazgatás Szeged 1913
Online Access:http://dmarchiv.bibl.u-szeged.hu/42816
LEADER 00404nab a2200145 i 4500
001 delm42816
005 20180928090452.0
008 180927s1913 hu o 0|| hun d
040 |a SZTE Délmagyarország Archívum  |b hun 
041 |a hun 
245 0 0 |a Kapzsi közigazgatás  |h [elektronikus dokumentum] 
260 |c 1913-09-10 
300 |a 1-2 
490 0 |a Délmagyarország  |v 4 No. 210 
695 |a Közigazgatás Szeged 1913